The Management 500 (E Book) (Record no. 210447)

000 -LEADER
fixed length control field 02315 a2200349 4500
003 - CONTROL NUMBER IDENTIFIER
control field Nust
005 - DATE AND TIME OF LATEST TRANSACTION
control field 20170207165003.0
020 ## - INTERNATIONAL STANDARD BOOK NUMBER
International Standard Book Number 9780814414248
020 ## - INTERNATIONAL STANDARD BOOK NUMBER
International Standard Book Number 9780814414248
035 ## - SYSTEM CONTROL NUMBER
System control number (AU-PeEL)EBL452603
035 ## - SYSTEM CONTROL NUMBER
System control number (EBZ)ebs1104864e
035 ## - SYSTEM CONTROL NUMBER
System control number (EBZ)ebs1104864e
035 ## - SYSTEM CONTROL NUMBER
System control number (OCoLC)430198509
035 ## - SYSTEM CONTROL NUMBER
System control number (WaSeSS)ssj0000196433
040 ## - CATALOGING SOURCE
Transcribing agency Nust
082 00 - DEWEY DECIMAL CLASSIFICATION NUMBER
Classification number 658.4/09
100 1# - MAIN ENTRY--PERSONAL NAME
Personal name Coughlin, Dan.
245 14 - TITLE STATEMENT
Title The Management 500 (E Book)
Medium [Elektronisk resurs] :
Remainder of title A High-Octane Formula for Business Success.
260 ## - PUBLICATION, DISTRIBUTION, ETC.
Place of publication, distribution, etc. New York :
Name of publisher, distributor, etc. AMACOM,
Date of publication, distribution, etc. 2009.
300 ## - PHYSICAL DESCRIPTION
Extent 1 online resource (257 p.)
500 ## - GENERAL NOTE
General note Description based upon print version of record.
505 0# - FORMATTED CONTENTS NOTE
Formatted contents note Contents; Foreword; Acknowledgments; Introduction; 1 Prepare with Precision; 2 Qualify for the Pole Position; 3 Start Your Engine; 4 Lead the Way; 5 Deliver Problem-Solving-in-Motion; 6 Use Pit Stops Wisely; 7 Create Crew Excellence; 8 Design Your Strategy to Win; 9 Speed Up Brand Equity; 10 Innovate to Accelerate; 11 Progress Through Turns in the Track; 12 Finish with Focus; Notes; Index;
520 ## - SUMMARY, ETC.
Summary, etc. The world of auto racing is thrilling, energizing, and runs at break-neck speed. But it also requires incredible accuracy, shrewd strategy, and impeccable performance to ensure a win. These same qualities are essential for every manager who wants to build and sustain a profitable business. The Management 500 provides practical management lessons drawn from the history of professional auto racing. With insights and stories from some of the most successful people in Formula 1, IndyCar Series, and NASCAR over the past 60 years including Lee White, President of Toyota Racing Development and Ed Lau
650 #4 - SUBJECT ADDED ENTRY--TOPICAL TERM
Topical term or geographic name entry element Business enterprises.
650 #4 - SUBJECT ADDED ENTRY--TOPICAL TERM
Topical term or geographic name entry element Management.
650 #4 - SUBJECT ADDED ENTRY--TOPICAL TERM
Topical term or geographic name entry element Organizational effectiveness.
650 #4 - SUBJECT ADDED ENTRY--TOPICAL TERM
Topical term or geographic name entry element Success in business.
655 #0 - INDEX TERM--GENRE/FORM
Genre/form data or focus term Electronic books.
856 40 - ELECTRONIC LOCATION AND ACCESS
Uniform Resource Identifier <a href="http://ep.bib.mdh.se/login?url=http://search.ebscohost.com/login.aspx?direct=true&scope=site&db=e000xww&AN=274192">http://ep.bib.mdh.se/login?url=http://search.ebscohost.com/login.aspx?direct=true&scope=site&db=e000xww&AN=274192</a>
856 40 - ELECTRONIC LOCATION AND ACCESS
Uniform Resource Identifier <a href="http://webproxy.student.hig.se:2048/login?url=http://search.ebscohost.com/login.aspx?direct=true&scope=site&db=nlebk&db=nlabk&AN=274192">http://webproxy.student.hig.se:2048/login?url=http://search.ebscohost.com/login.aspx?direct=true&scope=site&db=nlebk&db=nlabk&AN=274192</a>
856 40 - ELECTRONIC LOCATION AND ACCESS
Uniform Resource Identifier <a href="https://login.proxy.annalindhbiblioteket.se/login?url=http://search.ebscohost.com/login.aspx?direct=true&scope=site&db=e000xww&AN=274192">https://login.proxy.annalindhbiblioteket.se/login?url=http://search.ebscohost.com/login.aspx?direct=true&scope=site&db=e000xww&AN=274192</a>
942 ## - ADDED ENTRY ELEMENTS (KOHA)
Source of classification or shelving scheme
Koha item type Book
Holdings
Withdrawn status Lost status Source of classification or shelving scheme Damaged status Not for loan Collection code Permanent Location Current Location Date acquired Total Checkouts Full call number Barcode Date last seen Price effective from Koha item type
            Military College of Signals (MCS) Military College of Signals (MCS) 12/12/2016   658.4 MCSEB-1704 12/08/2016 12/12/2016 Book
© 2023 Central Library, National University of Sciences and Technology. All Rights Reserved.